| 000 | 01242nam0a2200325 4500 | ||
|---|---|---|---|
| 001 | RU\NLR\bibl\589426 | ||
| 005 | 20250610141028.0 | ||
| 010 |
_a5-465-00219-0 _95000 |
||
| 021 |
_aRU _b2004-68474 _93376 |
||
| 035 | _a(NLR Aleph) 000581399 | ||
| 090 |
_a1655065 _c1655065 |
||
| 100 | _a20041224d2004 |||y0rusy50 ca | ||
| 101 | 0 | _arus | |
| 102 | _aRU | ||
| 105 | _ay ||||||||| | ||
| 200 | 1 |
_aИсточник ненависти _eДве истории из практики част. сыщика Евгения Галкина _e[Романы] _fСергей Белавкин |
|
| 210 |
_aМ. _cОмега-Пресс _d2004 |
||
| 215 |
_a535,[2] с. _d21 |
||
| 225 | 1 |
_aСерия "Русский счет" _fСост. Георгий Пилиев |
|
| 225 | 1 | _aЛучшие детективы отечественных авторов | |
| 327 | 1 | _aСодерж.: Романы: Источник ненависти; Бог жесток | |
| 686 | _aШ6(2=Р)75-446 | ||
| 700 | 1 |
_aБелавкин _bС. В. _gСергей Владимирович _4070 |
|
| 801 | 0 |
_aRU _bNLR _c20041224 _gPSBO |
|
| 801 | 1 |
_aRU _bNLR _c20041224 |
|
| 830 | _aАвт. по кн. | ||
| 942 | _cBOOK | ||
| 980 | _aNB | ||